000 00524nam a2200193Ia 4500
003 GCL
008 140319s9999 xx 000 0 ara d
040 _aGCL /
_cGCL
082 0 4 _a928.1
_bم ط
100 1 _aمحمد الدسوقى
245 1 0 _aطه حسين يتحدث عن اعلام عصره /
_cمحمد الدسوقى
300 _a104 ص
490 _aاقرأ
_v0
650 0 4 _aالتراجم
650 0 4 _aالادباء
650 0 4 _aطه حسين
650 0 4 _aالرجال - تراجم
942 _2ddc
_cBK
999 _c50453
_d50453